000 01370nam a2200301 a 4500
001 41589
003 BD-RjUL
005 20211209053422.0
008 160602s1966 b ||||| |||| 00| 0 ben d
020 _c: PRs. 2.00
035 _a(BD-RjUL)41707
040 _aBD-RjUL
_bben
_cBD-RjUL
_dBD-RjUL
041 _aben
082 _223
_a818.40924
_bTWA 1966
245 0 0 _aটোয়েন-জেমস-উলফ /
_cঅনুবাদ : বোরহান উদ্দীন খান জাহাঙ্গীর
250 _a১ম সং.
260 _aঢাকা :
_bসাইনিং বুক এজেন্সী,
_c১৯৬৬
300 _a[৮], ১১৯ পৃ. ;
_c২৩ সেমি.
490 _a( মিনসোটা বিশ্ববিদ্যালয় গ্রন্থমালা সিরিজ )
600 _aটোয়েন, মার্ক
_d১৮৩৫-১৯১০
_9127784
600 _aTwain, Mark,
_d1835-1910.
_9127785
600 _aজেমস, হেনরি
_d১৮৪৩-১৯১৬
_9127786
600 _aJames, Henry,
_d1843-1916.
_9127787
600 _aউলফ, টমাস
_d১৯০০-১৯৩৮
_9127788
600 _aWolfe, Thomas,
_d1900-1938.
_9127789
700 _aজাহাঙ্গীর, বোরহান উদ্দীন খান, অনুবাদক
_9127790
942 _2ddc
_cBK
999 _c41589
_d41589